Жените на гениите (Запис номер 137374)
[ съкратено ]
| 000 -Лидер | |
|---|---|
| Контролно поле с фиксирана дължина | 01641nam a2200409 c 4500 |
| 003 - Код на организацията, давaща контролен номер | |
| Контролно поле | BLK |
| 005 - Дата и час на последна редакция | |
| Контролно поле | 20250224164400.0 |
| 008 - Елементи от данни с фиксирана дължина | |
| fixed length control field | 180409b bul|||||r ||||||| ||bul|| |
| 010 ## - Наследен системен номер | |
| LC control number | KNG00143344000 |
| 020 ## - Международен стандартен номер на книга ISBN | |
| Международен стандартен номер на книга ISBN | 978-954-320-405-2 |
| 040 ## - Източник на каталожния запис | |
| Идентификатор на билиотеката - собственик на записа | BLK |
| 041 ## - Код за език | |
| Код за езика на текст/звукозапис или на отделно заглавие | Български |
| Код за езика КДБФ | Български |
| 072 #7 - Код за тематичната категория | |
| Код организация | bullib |
| Код за тематична категория | Н39 |
| Текст | Етнология. Фолклористика Н |
| 080 ## - УДК | |
| Текстов определител УДК | Социални изследвания на жени. Жените и обществото |
| УДК код - определител по УДК | 305-055.2 |
| УДК определител | (4)(092) |
| УДК - код + определител | 305-055.2(4)(092) |
| 080 ## - УДК | |
| Текстов определител УДК | Биографии |
| УДК код - определител по УДК | 929 |
| УДК определител | (4) |
| УДК - код + определител | 929(4) |
| 100 1# - Редна дума - Автор | |
| Автор | Вайсенщайнер, Фридрих |
| Авторска отговорност | първи автор |
| R(LIN) | 45038 |
| 139 ## - Редно поле | |
| Редна дума | Вайсенщайнер, Фридрих |
| Авторски знак | Ваи - В 16 |
| 245 10 - Сведения за заглавието | |
| Заглавие | Жените на гениите |
| Редно поле (дума) | Фридрих Вайсенщайнер; прев. от нем. Евелина Банева. |
| 257 ## - Страна на издаване | |
| Страна на създаване/издаване | Австрия |
| 260 ## - Област на издателските данни | |
| Име на издателя, разпространителя и проч. | Рива |
| Година на издаване | 2012 |
| Печатница | В. Търново : Абагар |
| 300 ## - Физическа характеристика | |
| Страници | 160 с. |
| Размери/Мащаб | 23 см |
| 380 ## - Жанр | |
| Жанр | Обществени науки |
| 500 ## - Общи забележки | |
| Забележка | Ориг. загл. Die Frauen der Genies / Friedrich Weissensteiner. - Библиогр. с. 157-159. |
| 650 #4 - Допълнително описание по предмет – тема | |
| Основно описание – тема или топоним | Жени - положение в семейството |
| 9 (RLIN) | 302758 |
| 651 #4 - Допълнително описание по предмет - топоним | |
| Географско понятие | Европа |
| 9 (RLIN) | 244407 |
| 653 ## - Ключова дума – ненормативна | |
| Ключова дума | жени |
| 653 ## - Ключова дума – ненормативна | |
| Ключова дума | семейни отношения |
| 659 ## - Тематичен бюлетин | |
| Тематичен бюлетин | Н |
| 700 ## - Други автори (авторска отговорност) | |
| Лично име | Банева, Евелина Борисова |
| Дати, свързани с автора | 1954- |
| 9 (RLIN) | 368071 |
| 852 ## - Местоположение | |
| Форматна сигнатура | Цб 259626 |
| 856 4# - Електронен адрес и достъп | |
| Електронен формат | pdf - файл |
| 856 4# - Електронен адрес и достъп | |
| Електронен формат | pdf - файл |
| 999 ## - СИСТЕМНИ КОНТРОЛНИ НОМЕРА | |
| Koha biblionumber | 137374 |
| Koha biblioitemnumber | 137374 |
| 942 ## - АРТИКУЛИ | |
| Вид на библиотечния материал | Книги |
| Скрит в OPAC | Не |
| Koha issues (borrowed), all copies | 3 |
| Периодичен библиозапис | Да |
| 944 ## - СЪЗДАВАНЕ И РЕДАКЦИЯ на ЗАПИСА | |
| Създаване/Редакция | Създаване |
| Дата на регистрацията/редакция | 31.05.2013 |
| Статус, дата на статуса | Диана Гривева |
| Служител, извършил регистрацията/редакцията | 30529 |
| 944 ## - СЪЗДАВАНЕ И РЕДАКЦИЯ на ЗАПИСА | |
| Създаване/Редакция | Редакция |
| Дата на регистрацията/редакция | 24.02.2015 |
| Статус, дата на статуса | ф / |
| Служител, извършил регистрацията/редакцията | Людмила_Стоянова |
| 999 ## - СИСТЕМНИ КОНТРОЛНИ НОМЕРА | |
| Koha biblioitemnumber | 137374 |
| Код за отписване | Код за изгубен артикул | Източник на класификационната схема | Код за повреда | Коз за рестрикции | Код за отдаване | Артикулен № | Име на библиотеката - собственик | Име на библиотеката, в която се намира в момента | Статус (Текущо местоположение) | Дата на вписване в системата | Местоположение - отдел | Цена в лева | Инвентарен номер | Систематично азбучна сигнатура | Баркод | Номер на екземпляра | Цена в евро | Служебна бележка | Служебен тип на артикула |
|---|---|---|---|---|---|---|---|---|---|---|---|---|---|---|---|---|---|---|---|
| Не е изгубен | Universal Decimal Classification | Не е повреден | без рестрикции | заемане за дома | 224700 | Регионална библиотека "Любен Каравелов" Русе | Регионална библиотека "Любен Каравелов" Русе | Заемна - подръчен фонд | 2013-05-31 | Заемна - подръчен фонд | 13.00 | 120000766346 | 305/В 16 | 120000766346 | 1 | 6.65 | Дост: Pk Вид: Ф N: 366 Дата: 30.05.2013 Дата инв: 08.02.2018 Бележки инв: П2018 | Книги | |
| Не е изгубен | Universal Decimal Classification | Не е повреден | без рестрикции | заемане за дома | 224701 | Регионална библиотека "Любен Каравелов" Русе | Регионална библиотека "Любен Каравелов" Русе | Заемна - подръчен фонд | 2013-05-31 | Заемна - подръчен фонд | 13.00 | 120000766347 | 305/В 16 | 120000766347 | 2 | 6.65 | Дост: Pk Вид: Ф N: 366 Дата: 30.05.2013 Дата инв: 08.02.2018 Бележки инв: П2018 | Книги | |
| Не е изгубен | Не е повреден | без рестрикции | ползва се в читалня | 224702 | Регионална библиотека "Любен Каравелов" Русе | Регионална библиотека "Любен Каравелов" Русе | Хранилище | 2015-01-15 | Основен фонд - ползва се само за читалня | 13.00 | 120000784240 | Цб 259626 | 120000784240 | 3 | 6.65 | Дост: DA Вид: А N: 1 Дата: 09.01.2015 | Книги |